Влияние размерных эффектов на эффективную магнитную проницаемость магнитодиэлектриков; Известия вузов. Физика; Т. 57, № 9/2

Dettagli Bibliografici
Parent link:Известия вузов. Физика: научный журнал.— , 1957-
Т. 57, № 9/2.— 2014.— [С. 11-15]
Autore principale: Журавлев В. А. Виктор Алексеевич
Ente Autore: Национальный исследовательский Томский политехнический университет (ТПУ) Институт кибернетики (ИК) Кафедра прикладной математики (ПМ)
Altri autori: Сусляев В. И. Валентин Иванович, Журавлев А. В. Александр Викторович
Riassunto:Заглавие с экрана
Проведено исследование влияния размерных эффектов образцов в форме стержней и пластин на эффективную магнитную проницаемость магнитодиэлектриков в микроволновом и радиочастотном диапазонах. Показано, что необходимо учитывать размерные эффекты при интерпретации результатов измерений магнитной проницаемости материалов в данных диапазонах частот.
The influence of size effects of the samples in the form of rods and plates on the effective permittivity of ferrites in the microwave and radio-frequency bands are investigated. It has been shown that when interpreting the results of measurements of the permittivity of radio materials on these frequencies it is necessary to take into account the size effects.
Режим доступа: по договору с организацией-держателем ресурса
Lingua:russo
Pubblicazione: 2014
Soggetti:
Accesso online:http://elibrary.ru/item.asp?id=24070278
Natura: MixedMaterials Elettronico Capitolo di libro
KOHA link:https://koha.lib.tpu.ru/cgi-bin/koha/opac-detail.pl?biblionumber=643814

MARC

LEADER 00000nla0a2200000 4500
001 643814
005 20250228132045.0
035 |a (RuTPU)RU\TPU\network\8812 
035 |a RU\TPU\network\8607 
090 |a 643814 
100 |a 20151002d2014 k||y0rusy50 ca 
101 0 |a rus 
102 |a RU 
135 |a drcn ---uucaa 
181 0 |a i  
182 0 |a b 
200 1 |a Влияние размерных эффектов на эффективную магнитную проницаемость магнитодиэлектриков  |f В. А. Журавлев, В. И. Сусляев, А. В. Журавлев 
203 |a Текст  |c электронный 
300 |a Заглавие с экрана 
320 |a [Библиогр.: 6 назв.] 
330 |a Проведено исследование влияния размерных эффектов образцов в форме стержней и пластин на эффективную магнитную проницаемость магнитодиэлектриков в микроволновом и радиочастотном диапазонах. Показано, что необходимо учитывать размерные эффекты при интерпретации результатов измерений магнитной проницаемости материалов в данных диапазонах частот. 
330 |a The influence of size effects of the samples in the form of rods and plates on the effective permittivity of ferrites in the microwave and radio-frequency bands are investigated. It has been shown that when interpreting the results of measurements of the permittivity of radio materials on these frequencies it is necessary to take into account the size effects. 
333 |a Режим доступа: по договору с организацией-держателем ресурса 
461 |t Известия вузов. Физика  |o научный журнал  |d 1957- 
463 |t Т. 57, № 9/2  |v [С. 11-15]  |d 2014 
610 1 |a электронный ресурс 
610 1 |a труды учёных ТПУ 
610 1 |a магнитодиэлектрики 
610 1 |a магнитная проницаемость 
610 1 |a диэлектрическая проницаемость 
610 1 |a размерные эффекты 
700 1 |a Журавлев  |b В. А.  |g Виктор Алексеевич 
701 1 |a Сусляев  |b В. И.  |g Валентин Иванович 
701 1 |a Журавлев  |b А. В.  |c математик  |c заведующий лабораторией Томского политехнического университета  |g Александр Викторович  |3 (RuTPU)RU\TPU\pers\35302 
712 0 2 |a Национальный исследовательский Томский политехнический университет (ТПУ)  |b Институт кибернетики (ИК)  |b Кафедра прикладной математики (ПМ)  |3 (RuTPU)RU\TPU\col\18700 
801 2 |a RU  |b 63413507  |c 20151110  |g RCR 
856 4 |u http://elibrary.ru/item.asp?id=24070278 
942 |c CF